Genshin Impact : Anagramme personnages - Statistiques

Statistiques générales
  • Ce quiz a été pris 1 353 fois
    365 depuis la dernière actualisation
  • Le résultat moyen est 13 sur 20
Statistiques - réponses
Réponse % Correct
Qiqi
95%
Razor
93%
Xiao
93%
Mona
91%
Kaeya
90%
Ningguang
90%
Barbara
88%
Klee
88%
Layla
88%
Cyno
87%
Ganyu
87%
Gorou
87%
Mika
86%
Noëlle
86%
Hu Tao
85%
Aloy
84%
Diluc
84%
Eula
84%
Keqing
84%
Yun Jin
84%
Sayu
83%
Citlali
82%
Shenhe
82%
YaoYao
82%
Zhongli
82%
Ororon
81%
Alhaitham
80%
Dori
80%
Mavuika
80%
Chasca
79%
Tartaglia
78%
Yoimiya
78%
Jean
77%
Faruzan
76%
Navia
76%
Xinyan
76%
Fischl
75%
Xingqiu
75%
Gaming
74%
Lisa
74%
Venti
74%
Varesa
72%
Wriothesley
72%
Xiangling
72%
Baizhu
71%
Chiori
71%
Lyney
71%
Nilou
71%
Yelan
71%
Xianyun
70%
Bennett
69%
Amber
68%
Xilonen
68%
Chongyun
67%
Sethos
67%
Candace
65%
Kirara
65%
Sigewinne
63%
Thomas
62%
Kinich
61%
Kuki Shinobu
61%
Beidou
60%
Tighnari
60%
Albedo
59%
Emilie
59%
Sangonomiya Kokomi
59%
Sucrose
59%
Freminet
58%
Mualani
58%
Nahida
58%
Diona
56%
Yae Miko
56%
Furina
55%
Lynette
54%
Yanfei
54%
Kamisato Ayato
53%
Neuvilette
53%
Arataki Itto
52%
Kachina
49%
Collei
48%
Iansan
47%
Kamisato Ayaka
45%
Lumine
45%
Rosalia
44%
Cheuvreuse
42%
Lan Yan
42%
Kaedehara Kazuha
41%
Arlecchino
40%
Aether
37%
Scaramuccia
37%
Clorinde
36%
Kujou Sara
36%
Charlotte
32%
Shikanoin Heizou
29%
Raiden
18%
Aucun quiz correspondant
Distribution des résultats
% des personnes avec chaque résultat
Percentile par nombre de réponses
Votre historique - résultats
Vous n’avez pas pris ce quiz depuis la dernière actualisation